000 00686nam a2200229Ia 4500
003 OSt
005 20220928101755.0
006 a|||||r|||| 00| 0
007 ta
008 220927b |||||||| |||| 00| 0 eng d
024 _a60093
037 _cTextual
040 _aSDCL
_cSDCL
_beng
041 _2eng
_aeng
082 _aR66x1, M5
100 _aMehta Narmadashankar Devshankar
_9395031
245 0 _aVedanta siddhanta bheda
_b Or an account of various followers of Shankaracharya school.
260 _aDelhi
_bS N Publication
_c1985
300 _a125p.
_ccm.
942 _hR66x1, M5
_cTEXL
_2CC
999 _c710651
_d710651